Poisoned wells: the dirty politics of Africa (Record no. 53816)

MARC details
000 -LEADER
fixed length control field 00695nam a2200169 a 4500
008 - FIXED-LENGTH DATA ELEMENTS--GENERAL INFORMATION
fixed length control field 100119s2007 ||||||||||||||||| || u
020 ## - INTERNATIONAL STANDARD BOOK NUMBER
International Standard Book Number 9780230605329
050 ## - LIBRARY OF CONGRESS CALL NUMBER
Classification number HD 9577.A2 Sha
100 ## - MAIN ENTRY--PERSONAL NAME
Personal name Shaxson, Nicholas
245 10 - TITLE STATEMENT
Title Poisoned wells: the dirty politics of Africa
260 ## - PUBLICATION, DISTRIBUTION, ETC.
Place of publication, distribution, etc. New York:
Name of publisher, distributor, etc. Palgrave/Macmillan
Date of publication, distribution, etc. 2007
300 ## - PHYSICAL DESCRIPTION
Extent viii, 280p.
350 ## - PRICE (NR) (BK AM CF MU VM SE) [OBSOLETE]
Price 0.00
650 ## - SUBJECT ADDED ENTRY--TOPICAL TERM
Topical term or geographic name entry element PETROLEUM INDUSTRY AND TRADE--MORAL AND ETHICAL ASPECTS--AFRICA
650 ## - SUBJECT ADDED ENTRY--TOPICAL TERM
Topical term or geographic name entry element PETROLEUM INDUSTRY AND TRADE--POLITICAL ASPECTS--AFRICA
995 ## - RECOMMENDATION 995 [LOCAL, UNIMARC FRANCE]
-- 0.00
-- CBU-MAIN LIBRARY (Kitwe)
-- 1
-- 0.00
-- 1
-- AVAILABLE
-- Mar 5, 2010
-- Main Library Open Access Collection
Holdings
Withdrawn status Lost status Source of classification or shelving scheme Damaged status Not for loan Home library Current library Shelving location Date acquired Total Checkouts Full call number Barcode Date last seen Price effective from Koha item type
          CBU-MAIN LIBRARY, KITWE. CBU-MAIN LIBRARY, KITWE.   11/30/2022   HD 9577.A2 Sha 740883 11/30/2022 11/30/2022 MONOGRAPH